000 00980nam a2200229 a 4500
001 40284
003 BD-RjUL
005 20211209053201.0
008 160427s1999 ii ||||| |||| 00| f ben d
020 _a8176160245
_c: Tk. 120.00
035 _a(BD-RjUL)40399
040 _aBD-RjUL
_bben
_cBD-RjUL
041 _aben
082 _223
_a891.44308
_bBHB 1999
100 _aভট্টাচার্য, অপর্ণা
_9124120
245 1 0 _aবঙ্কিম-উপন্যাসের মূল রূপ ও রূপান্তর :
_bসংকলন ও মূল্যায়ন /
_cঅপর্ণা ভট্টাচার্য
260 _aকলকাতা :
_bমডেল পাবলিশিং হাউস,
_c১৯৯৯
300 _a৩২৭ পৃ. ;
_c২২ সেমি.
650 _aবাংলা উপন্যাস
_xসংগ্রহ
_9124121
650 _aBengali Fiction
_xCollection
_vHistory and Criticism
_9124122
942 _2ddc
_cBK
999 _c40284
_d40284